| 000 | 00522nam a22001577a 4500 | ||
|---|---|---|---|
| 020 | _qHard Cover. | ||
| 082 | _a004 | ||
| 100 | _aKhan, Samiullah | ||
| 245 |
_aA framework for evaluation of Biomedical ontologies based on structural components / _cSamiullah Khan. |
||
| 260 |
_aIslamabad : _bCEME - NUST, _c2015. |
||
| 300 |
_a71 p. : ill. ; _c30cm. |
||
| 650 |
_aSoftware Engineering-MS-Thesis _916149 |
||
| 700 |
_aDr. Usman Qamar. _918579 |
||
| 942 |
_2ddc _cTHE |
||
| 999 |
_c540670 _d540670 |
||